000 00875nam a22002897a 4500
001 BR9402775
003 BR-BrBNA
005 20230928094150.0
007 ta
008 230509b bl.||||| |||| 00| 0 por d
040 _aBR-BrBNA
_bpor
_cBiblioteca Nacional de Agricultura
041 _a(Por)
072 _aF30
_b0180
090 _ 0180 BR9402775
110 1 _aInstituto de Pesquisas Agronomicas, Porto Alegre, RS (Brasil)
_96134
111 1 _a7. Reuniao Anual Conjunta de Pesquisa de Trigo
_cPasso Fundo, RS (Brazil)
_d31 Mar - 4 Apr 1975
245 1 _aTrigo, experimentacao e melhoramento
260 3 _aPorto Alegre, RS (Brasil):
_c1975.
300 _a47 p.
500 _a34 tables
650 _aTrigo
650 _aVariedade
650 _aMelhoramento Genetico Vegetal
650 _aRio Grande do Sul
909 _a202309
_bLucia
_c55
_dLucia Elande
942 _cBK
999 _c49181
_d49181